<?xml version="1.0" encoding="UTF-8"?>
<marc:record xmlns:marc="http://www.loc.gov/MARC21/slim">
   <marc:leader>00000nam a2200000 a 4500</marc:leader>
   <marc:datafield ind1="1" ind2=" " tag="100">
      <marc:subfield code="a">Walleczek, Sasha</marc:subfield>
      <marc:subfield code="4">aut</marc:subfield>
      <marc:subfield code="e">Verfasser/-in</marc:subfield>
   </marc:datafield>
   <marc:datafield ind1="1" ind2=" " tag="100">
      <marc:subfield code="a">Laimgruber, Thomas Maria</marc:subfield>
   </marc:datafield>
   <marc:datafield ind1=" " ind2=" " tag="653">
      <marc:subfield code="a">Kochen</marc:subfield>
   </marc:datafield>
   <marc:datafield ind1=" " ind2=" " tag="653">
      <marc:subfield code="a">Ernährung</marc:subfield>
   </marc:datafield>
   <marc:datafield ind1="0" ind2="0" tag="245">
      <marc:subfield code="a">Die Walleczek Methode</marc:subfield>
   </marc:datafield>
   <marc:datafield ind1="0" ind2="0" tag="245">
      <marc:subfield code="b">das Kochbuch</marc:subfield>
   </marc:datafield>
   <marc:datafield ind1="0" ind2="0" tag="245">
      <marc:subfield code="c">Sasha Walleczek. Fotografiert von Thomas Maria Laimgruber</marc:subfield>
   </marc:datafield>
   <marc:datafield ind1=" " ind2="1" tag="264">
      <marc:subfield code="a">Wien</marc:subfield>
      <marc:subfield code="b">Ueberreuter</marc:subfield>
      <marc:subfield code="c">2008</marc:subfield>
   </marc:datafield>
   <marc:datafield ind1="1" ind2=" " tag="520">
      <marc:subfield code="a">Rezepte für das von Sasha Walleczek entwickelte Ernährungsprogramm. (VL) Dieses Kochbuch ist eigentlich ein Ratgeber, der aufgrund der Erfahrungen von Ernährungstherapeutin Sasha Walleczek mit vielen übergewichtigen und sich falsch ernährenden Kandidatinnen einer TV-Sendung entstanden ist. Das Buch enthält die 16 grundlegenden Regeln der sogenannten Walleczek-Methode, die eine naturgemäße, gesunde Ernährung ohne großen Kochaufwand ermöglicht. Nach den Jahreszeiten geordnet finden sich ca. 100 Rezepte aller Speisekategorien, die zeigen, wie man leicht und ohne Diät zum Wunschgewicht kommen und sich gesund und wohlschmeckend ernähren kann. Ein alternatives Kochbuch für alle, die bereit sind, nicht nur ihr Kochen umzustellen, sondern sich auch von lieb gewordenen Ess- und Trinkgewohnheiten zu trennen. *bn* Jutta Kleedorfer</marc:subfield>
   </marc:datafield>
   <marc:datafield ind1=" " ind2=" " tag="020">
      <marc:subfield code="a">97838000732</marc:subfield>
      <marc:subfield code="9">97838000732</marc:subfield>
   </marc:datafield>
   <marc:datafield ind1=" " ind2=" " tag="020">
      <marc:subfield code="a">3800073285</marc:subfield>
      <marc:subfield code="9">3800073285</marc:subfield>
   </marc:datafield>
   <marc:datafield ind1=" " ind2=" " tag="300">
      <marc:subfield code="a">191 S. : Ill. (farb.)</marc:subfield>
   </marc:datafield>
</marc:record>
